| 000 | 01004nac a22003377a 4500 | ||
|---|---|---|---|
| 001 | BR9803090 | ||
| 003 | BR-BrBNA | ||
| 005 | 20240105122030.0 | ||
| 008 | 230509b bl.|||m| |||| 00| 0 por d | ||
| 040 |
_aBR-BrBNA _bpor _cBiblioteca Nacional de Agricultura |
||
| 072 | _aH10 | ||
| 090 | _aH10 BR9803090 | ||
| 100 | 1 | _aGelmini, G.A. | |
| 110 | 1 | _aCoordenadoria de Assistencia Tecnica Integral, Campinas, SP (Brasil) | |
| 245 | 1 | _aPreparados caseiros para horta domestica | |
| 260 | 3 |
_aCampinas, SP (Brasil): _c1998. |
|
| 300 | _a6 p. | ||
| 490 |
_aComunicado Tecnico - Coordenadoria de Assistencia Tecnica Integral (Brazil) _vno. 140 _xISSN 0100-3607 |
||
| 500 | _a11 ref. | ||
| 650 | _aHorta | ||
| 650 | _aPraga de Planta | ||
| 650 | _aAcaro | ||
| 650 | _aLagarta Rosca | ||
| 650 | _aLesma | ||
| 650 | _aFormiga Lavape | ||
| 650 | _aCochonilha | ||
| 650 | _aReceita | ||
| 650 | _aControle Biologico | ||
| 909 |
_a202312 _bLúcia Elande _c55 _dLúcia Elande |
||
| 942 |
_2AGRIS _n0 _cMS |
||
| 999 |
_c288831 _d288831 |
||